00934nam a22002537a 450000500170000001000110001702000210002803500110004903700160006004000120007608200150008810000270010324500790013026000430020927000380025230000200029050000190031065000560032965000360038570000280042194200240044999900190047395201880049220170124110035.0 a548493 c00.00a710064470 a548493 bCen Lib/Ret aDPLbEN a371.1bMUS aMusgrove, Frank922415 aSociety and the teacher's role /cby Frank Musgrove [and] Philip H. Taylor aLondonbRoutledge and Kegan Paulc1969 aBroadway House, 68-74 Carter Lane a104p.c21cm(Hb) aIncludes index aTeacher participation in curriculum planning922416 aTeaching--Social aspects922417 aTaylor, Philip H922418 2ddccENh371.1mMUS c128106d128106 04104070aLbLd2015-07-01eCen Lib/Ret g0.00l0o371.1 MUSp548493r2015-07-01 00:00:00t1v0.00w2015-07-01yENzWritten off on approval by DLB (By Circulation); dtd 15-06-2023